| 000 | 00739cam a2200241 4500500 | ||
|---|---|---|---|
| 005 | 20260405003217.0 | ||
| 041 | _afre | ||
| 042 | _adc | ||
| 100 | 1 | 0 |
_aLacroix, Alexandre _eauthor |
| 245 | 0 | 0 | _aCatherine Malabou : “Nous sommes au seuil d’une révolution biotechnologique” |
| 260 | _c2021. | ||
| 500 | _a8 | ||
| 690 | _aBiotechnologies | ||
| 690 | _aCatherine Malabou | ||
| 690 | _aCovid-19 | ||
| 690 | _aÉpigénétique | ||
| 690 | _aGénétique | ||
| 690 | _aPédagogie | ||
| 690 | _aSanté | ||
| 690 | _avaccin | ||
| 786 | 0 | _nPhilosophie magazine | 146 | 2 | 2021-02-01 | p. 29-29 | 1951-1787 | |
| 856 | 4 | 1 | _uhttps://shs.cairn.info/magazine-philosophie-magazine-2021-2-page-29?lang=fr&redirect-ssocas=7080 |
| 999 |
_c2065409 _d2065409 |
||